Γυναίκες της υπαίθρου και τρόφιμα.

Αποθηκεύτηκε σε:
Λεπτομέρειες βιβλιογραφικής εγγραφής
Συλλογικό Έργο: Πάντειο Πανεπιστήμιο Κοινωνικών και Πολιτικών Επιστημών Τμήμα Κοινωνικής Πολιτικής και Κοινωνικής Ανθρωπολογίας, Κέντρο Κοινωνικής Μορφολογίας και Κοινωνικής Πολιτικής (ΚΕΚΜΟΚΟΠ)
Άλλοι συγγραφείς: Ανθοπούλου, Θεοδοσία, Καμπέρης, Νίκος
Μορφή: Βιβλίο
Γλώσσα:Greek
Δημοσίευση: Αθήνα : Gutenberg, 2008.
Σειρά:Βιβλιοθήκη κοινωνικής επιστήμης και κοινωνικής πολιτικής
Θέματα:
Ετικέτες: Προσθήκη ετικέτας
Δεν υπάρχουν, Καταχωρήστε ετικέτα πρώτοι!

MARC

LEADER 00000cam a2200000 i 4500
001 1/6172
008 100329s2008 gr | ||| |||| | gre d
020 |a 9789600112269   |q (τ. 1)  
020 |a 9789600112276   |q (τ. 2)  
035 |l 10107419 
035 |l 10107428 
040 |a GR-MY-UA  |b gre  |e aacr 
041 0 |a gre 
082 0 |a 307.7209495 
245 0 0 |a Γυναίκες της υπαίθρου και τρόφιμα.  
260 |a Αθήνα :   |b Gutenberg,   |c 2008.  
300 |a 2 τ. ;   |c 21 εκ. 
490 1 |a (Βιβλιοθήκη κοινωνικής επιστήμης και κοινωνικής πολιτικής)  
504 |a Περιλαμβάνει βιβλιογραφικές παραπομπές.  
505 8 |a Τ. 1. Όψεις και δυναμικές επιχειρηματικότητας των γυναικών της υπαίθρου στην παραγωγή τροφίμων / Θεοδοσία Ανθοπούλου -- τ. 2. Από την κόρη στη σύζυγο και από τη νοικοκυρά στην επιχειρηματία : μετασχηματισμοί των σημασιών και των ρόλων της διατροφής / Νίκος Καμπέρης.  
650 0 0 |a Agriculture  |x Social aspects. 
650 0 0 |a Agriculture  |x Economic aspects. 
650 0 0 |a Agriculture  |z Greece  |x History. 
700 1 |a Ανθοπούλου, Θεοδοσία. 
700 1 |a Καμπέρης, Νίκος. 
710 2 |a Πάντειο Πανεπιστήμιο Κοινωνικών και Πολιτικών Επιστημών  |b Τμήμα Κοινωνικής Πολιτικής και Κοινωνικής Ανθρωπολογίας. 
710 2 |a Κέντρο Κοινωνικής Μορφολογίας και Κοινωνικής Πολιτικής (ΚΕΚΜΟΚΟΠ) 
740 0 |a Όψεις και δυναμικές επιχειρηματικότητας των γυναικών της υπαίθρου στην παραγωγή τροφίμων.  
740 0 |a Από την κόρη στη σύζυγο και από τη νοικοκυρά στην επιχειρηματία : μετασχηματισμοί των σημασιών και των ρόλων της διατροφής.  
830 0 |a Βιβλιοθήκη κοινωνικής επιστήμης και κοινωνικής πολιτικής 
852 |a INST  |b CHIOS  |e 20100326  |h 307.7209495 ΑΝΘ  |p 005200029433  |q 005200029433  |t BK  |y 0  |z τ.1 
852 |a INST  |b CHIOS  |e 20100326  |h 307.7209495 ΑΝΘ  |p 005200029433  |q 005200029433  |t BK  |v τ.1:  |y 0  |z τ.1 
852 |a INST  |b CHIOS  |e 20100329  |h 307.7209495 ΚΑΜ  |p 005200029432  |q 005200029432  |t BK  |y 0  |z τ.2 
852 |a INST  |b CHIOS  |e 20100329  |h 307.7209495 ΚΑΜ  |p 005200029432  |q 005200029432  |t BK  |v τ.2:  |y 0  |z τ.2 
852 |a INST  |b LESVOS  |e 20220812  |h 305.4209495 ΓΥΝ  |p 005100049630  |q 005100049630  |t BK  |v τ.1:  |y 0 
852 |a INST  |b LESVOS  |e 20220812  |h 305.4209495 ΓΥΝ  |p 005100049658  |q 005100049658  |t BK  |v τ.2:  |y 0 
852 |a INST  |b LESVOS  |e 20220812  |h 305.4209495 ΓΥΝ  |p 005100049659  |q 005100049659  |t BK  |v τ.2:  |y 0 
852 |a INST  |b LESVOS  |e 20220812  |h 305.4209495 ΓΥΝ  |p 005100049660  |q 005100049660  |t BK  |v τ.1:  |y 0 
853 |a INST  |b CHIOS  |h 307.7209495 ΑΝΘ 
853 |a INST  |b CHIOS  |h 307.7209495 ΚΑΜ 
853 |a INST  |b LESVOS  |h 305.4209495 ΓΥΝ 
901 |a BIBL2-2010-1 
901 |a BIBL1-2010-3 
909 |a Χ  |b 148175 
909 |a Χ  |b 148176